Formula 1 Driver's Championship Winner by Year - Statistics

General Stats
  • This quiz has been taken 102 times
  • The average score is 13 of 15
Answer Stats
Year Driver % Correct
2020 Lewis Hamilton
100%
2003 Michael Schumacher
100%
2012 Sebastian Vettel
100%
1990 Ayrton Senna
97%
2006 Fernando Alonso
97%
2007 Kimi Räikkönen
97%
1985 Alain Prost
95%
1951 Juan Manuel Fangio
93%
2016 Nico Rosberg
93%
1999 Mika Häkkinen
92%
1950 Giuseppe Farina
89%
1976 James Hunt
77%
1965 Jim Clark
76%
1978 Mario Andretti
75%
1970 Jochen Rindt
66%
No matching quizzes found
Score Distribution
Percent of People with Each Score
Percentile by Number Answered
Your Score History
You have not taken this quiz